000 00321nam a22001457a 4500
008 210521b ||||| |||| 00| 0 eng d
020 _a0801636817
041 _aeng
080 _a617
082 _a617
100 _a8
101 _aOFT
245 _aSymposium Neuro-Ophthalmology
_cRonald M. Burde
942 _2udc
_cBK
999 _c57577
_d57577